| 000 | 01045nam0a2200277 4500 | ||
|---|---|---|---|
| 001 | RU\NLR\bibl\1980242 | ||
| 005 | 20250616210844.0 | ||
| 010 |
_a978-5-377-05978-3 _910000 |
||
| 021 |
_aRU _b2012-92620 _96856 |
||
| 035 | _a(NLR Aleph) 001968942 | ||
| 090 |
_a3928487 _c3928487 |
||
| 100 | _a20121218d2013 |||y0rusy50 ca | ||
| 101 | 0 | _arus | |
| 102 | _aRU | ||
| 105 | _ay ||||||||| | ||
| 200 | 1 | _aГрамматика английского языка. Проверочные работы: 8 класс: к учебнику М.З.Биболетовой и др. "Enjoy English. 8 класс" | |
| 205 | _a4-е изд., перераб. и доп. | ||
| 210 |
_aМосква _cЭкзамен _d2013 |
||
| 215 | _d24 | ||
| 225 | 1 | _aУчебно-методический комплект | |
| 700 | 1 |
_aБарашкова _bЕ. А. _4070 |
|
| 801 | 0 |
_aRU _bNLR _c20121218 _gRCR |
|
| 801 | 1 |
_aRU _bNLR _c20121218 |
|
| 942 | _cBOOK | ||
| 980 | _aNB | ||